Modernism (Record no. 249)

MARC details
000 -LEADER
fixed length control field 00454 a2200169 4500
001 - CONTROL NUMBER
control field 066057
003 - CONTROL NUMBER IDENTIFIER
control field OSt
005 - DATE AND TIME OF LATEST TRANSACTION
control field 20210907164843.0
008 - FIXED-LENGTH DATA ELEMENTS--GENERAL INFORMATION
fixed length control field
082 ## - DEWEY DECIMAL CLASSIFICATION NUMBER
Classification number 809.9112
Item number M72M
245 1# - TITLE STATEMENT
Title Modernism
Statement of responsibility, etc edited by Michael H. Whitworth
260 ## - PUBLICATION, DISTRIBUTION, ETC. (IMPRINT)
Place of publication, distribution, etc USA
Name of publisher, distributor, etc Blackwell
Date of publication, distribution, etc 2007
300 ## - PHYSICAL DESCRIPTION
Extent 310p.
690 ## - LOCAL SUBJECT ADDED ENTRY--TOPICAL TERM (OCLC, RLIN)
Topical term or geographic name as entry element Modernism (Literature); Modernism (Christian theology)
700 ## - ADDED ENTRY--PERSONAL NAME
Relator term Whitworth, Michael H., ed.
942 ## - ADDED ENTRY ELEMENTS (KOHA)
Source of classification or shelving scheme Dewey Decimal Classification
Koha item type Books
Holdings
Withdrawn status Lost status Source of classification or shelving scheme Damaged status Not for loan Collection code Home library Current library Date acquired Source of acquisition Cost, normal purchase price Full call number Barcode Date last seen Price effective from Koha item type
    Dewey Decimal Classification     General Text Book Central University Of Rajasthan Central University Of Rajasthan 07/03/2012 ENG 2086.00 809.9112 M72M 343 21/11/2024 02/09/2020 Books